| 000 | 00955cab a2200241 4500 | ||
|---|---|---|---|
| 001 | ABS60685 | ||
| 008 | 090401t1999 xxu||||| |||| 00| 0 eng d | ||
| 035 | _a(Sirsi) u93769 | ||
| 041 | _aeng | ||
| 245 | _aWhat are the risks faced by non-executive directors? | ||
| 260 | _c1999 | ||
| 350 | _a0 | ||
| 490 |
_aCSM _bChartered Surveyor Monthly _v8(9) May 1999, 31-33(3) |
||
| 520 | _aOutlines how to assess the risk involved in becoming a non-executive director of a company. Sets out the principal objectives of the Cadbury code with excerpts from a new book by Peter Souster Directors: your responsibilities and liabilities. (available from RICS Books with discount for a limited period) | ||
| 650 | _aMANAGEMENT-BUSINESS MANAGEMENT | ||
| 650 | _aCADBURY CODE | ||
| 650 | _aCORPORATE GOVERNANCE | ||
| 650 | _aNON-EXECUTIVE DIRECTORS | ||
| 650 | _aPRACTICE MANAGEMENT | ||
| 690 | _aPROFESSIONAL PRACTICE | ||
| 942 | _n0 | ||
| 948 | _c03/06/1999 | ||
| 999 |
_c59436 _d59436 |
||